Statistics for Countries Most Affected by the 2004 Tsunami v2

Click here to take the quiz!

General Stats

  • This quiz has been taken 27 times
  • The average score is 7 of 8

Answer Stats

Answer% Correct
India
100%
Sri Lanka
96%
Thailand
96%
Indonesia
93%
Sweden
93%
Germany
93%
Somalia
89%
Myanmar
81%

Score Distribution

Percentile by Number Answered

Percent of People with Each Score

Your Score History

You have not taken this quiz